[Event "Norway Chess 10th"]
[Site "Stavanger"]
[Date "2022.06.06"]
[Round "6"]
[White "Carlsen, Magnus"]
[Black "Mamedyarov, Shakhriyar"]
[Result "1-0"]
[WhiteElo "2864"]
[BlackElo "2759"]
[PlyCount "112"]
[EventDate "2022.05.31"]
[EventType "tourn"]
[EventRounds "9"]
[EventCountry "NOR"]
[EventCategory "21"]
[SourceTitle "CBM 209"]
[Source "ChessBase"]
[SourceDate "2022.08.31"]
[SourceVersion "1"]
[SourceVersionDate "2022.08.31"]
[SourceQuality "1"]

1. Nf3 d5 2. g3 g6 3. Bg2 Bg7 4. d4 Nf6 5. O-O O-O 6. c4 c6 7. Nc3 dxc4 8. e4 Bg4 9. h3 Bxf3 10. Bxf3 e5 11. dxe5 Nfd7 12. e6 fxe6 13. Be3 Qe7 ({RR} 13... Ne5 14. Be2 Nd3 15. Bxd3 Qxd3 16. Qg4 Qd6 17. Rad1 Qe7 18. f4 Bxc3 19. bxc3 Nd7 20. e5 Rad8 21. Kh1 Kg7 22. Rd6 h5 23. Qxe6 Qxe6 24. Rxe6 Nb6 25. Bc5 Rf7 26. Rd6 Re8 27. Bd4 Kh7 28. e6 {Jarmula,L (2440)-Piorun,K (2579) Chotowa POL 2025 0-1 (53)}) 14. Bg2 Na6 $146 ({RR} 14... Nc5 15. e5 Bxe5 16. Qg4 Ncd7 17. Qxc4 Nb6 18. Qb3 Na6 19. Rfe1 Bg7 20. Bf4 Nc5 21. Qb4 Rxf4 22. gxf4 a5 23. Qxb6 Ra6 24. Nd5 Qd6 25. Qc7 cxd5 26. Qc8+ Kf7 27. f5 gxf5 28. Bf3 Bd4 29. Kh1 {Tabatabaei,M (2664)-Sindarov,J (2629) Abu Dhabi 2022 0-1 (47)}) ({RR} 14... Ne5 15. f4 Nd3 16. e5 Nd7 17. Qe2 Rad8 18. b3 Nb6 19. Ne4 Qa3 20. h4 Nd5 21. bxc4 Nxe3 22. Qxe3 Qa4 23. Nd6 Rxd6 24. exd6 Qxc4 25. Kh2 Bxa1 26. Rxa1 Rd8 27. Qxa7 Qb4 28. Rd1 Rxd6 29. a3 {Tabatabaei,M (2677)-Vidit,S (2730) chess.com INT 2023 1-0 (48)}) 15. Qe2 Nb4 16. Qxc4 Nc2 17. Nd5 cxd5 18. Qxc2 d4 19. Bd2 Rac8 20. Qb3 Nc5 21. Qa3 Qd7 22. Rac1 b6 23. e5 Bxe5 24. Rfe1 Bg7 25. b4 Na4 26. Rxc8 Rxc8 27. Qb3 Nc3 28. Rxe6 Kh8 29. Kh2 Re8 30. Rxe8+ Qxe8 31. Qc4 h6 32. a3 a5 33. bxa5 bxa5 34. Bf1 Qf8 35. Kg2 Ne4 36. Be1 Qxa3 37. Bd3 Nd6 38. Qa6 Nf5 39. h4 h5 40. Bxa5 Kh7 41. Qb5 Qf8 42. Qd5 Qd6 43. Qf3 Qe5 44. Bd8 Qe6 45. Qb7 Nd6 46. Qc6 Qb3 47. Bxg6+ Kxg6 48. Qxd6+ Kh7 49. Qd7 Kg6 50. Qc6+ Kf7 51. Qc5 Qb7+ 52. f3 Ke8 53. Bc7 Qb2+ 54. Kh3 d3 55. Qxh5+ Kd7 56. Qf7+ Kc6 1-0

[Event "Bilbao Masters 9th"]
[Site "Bilbao"]
[Date "2016.07.20"]
[Round "7"]
[White "Carlsen, Magnus"]
[Black "Wei, Yi"]
[Result "1/2-1/2"]
[WhiteElo "2855"]
[BlackElo "2696"]
[PlyCount "120"]
[EventDate "2016.07.13"]
[EventType "tourn"]
[EventRounds "10"]
[EventCountry "ESP"]
[EventCategory "22"]
[SourceTitle "CBM 174"]
[Source "ChessBase"]
[SourceDate "2016.09.13"]
[SourceVersion "1"]
[SourceVersionDate "2016.09.13"]
[SourceQuality "1"]

1. Nf3 d5 2. g3 g6 3. Bg2 Bg7 4. O-O Nf6 5. c4 O-O 6. cxd5 Nxd5 7. d4 Nb6 8. Nc3 Nc6 9. d5 Na5 10. e4 c6 11. Bf4 Nac4 12. Qe2 cxd5 13. exd5 Bg4 14. h3 Bxf3 15. Bxf3 Nd6 16. Rfe1 Re8 17. Rac1 a6 18. b3 Rc8 19. Qd2 Nd7 20. Na4 $146 ({RR} 20. Ne4 Nxe4 21. Bxe4 Qb6 22. Bg2 Rxc1 23. Rxc1 Be5 24. Be3 Qd6 25. f4 Bg7 26. Qa5 Nf6 27. Bf2 h5 28. Qc7 Qb4 29. Rc2 Bh6 30. d6 exd6 31. Qxb7 Qa5 32. Rc8 Rxc8 33. Qxc8+ Bf8 34. Qc2 Bg7 {Matveeva,S (2454)-Huang,Q (2380) Ergun 2006 ½-½ (68)}) 20... Rxc1 21. Qxc1 Bd4 22. Qd2 Bg7 23. h4 h5 24. Nb2 Nb5 25. Re3 Nd4 26. Bg2 e5 27. dxe6 Nxe6 28. Nc4 Nxf4 29. Rxe8+ Qxe8 30. Qxf4 b5 31. Ne3 Qe5 32. Qxe5 Bxe5 33. b4 Bd6 34. Bb7 Nb8 35. Nd5 Kf8 36. Kg2 Ke8 37. f3 f5 38. Kf2 Kd7 39. Nf4 Kc7 40. Bd5 Bxf4 41. gxf4 Kd6 42. Bf7 Nc6 43. a3 Ne7 44. Ke1 Kd7 45. Kd1 Kd6 46. Kd2 Kd7 47. Kd3 Kd6 48. Kc2 Kd7 49. Kb3 Kd6 50. a4 Nc6 51. axb5 axb5 52. Kc3 Ne7 53. Kd2 Nd5 54. Bxg6 Nxb4 55. Bxh5 Nd5 56. Be8 Nxf4 57. Bxb5 Ke5 58. Bf1 Ng6 59. h5 Nh4 60. Ke2 Nxf3 1/2-1/2

[Event "Oslo sim"]
[Site "Oslo"]
[Date "2017.02.08"]
[Round "2.3"]
[White "Carlsen, Magnus"]
[Black "Fossan, Erik"]
[Result "0-1"]
[WhiteElo "2838"]
[BlackElo "2344"]
[PlyCount "114"]
[EventDate "2017.02.08"]
[EventType "simul"]
[EventRounds "2"]
[EventCountry "NOR"]
[SourceTitle "CBM 176 Extra"]
[Source "ChessBase"]
[SourceDate "2017.03.02"]
[SourceVersion "1"]
[SourceVersionDate "2017.03.02"]
[SourceQuality "1"]

1. Nf3 c5 2. g3 g6 3. c3 Bg7 4. d4 cxd4 5. cxd4 Nf6 6. Bg2 O-O ({RR} 6... d5 7. O-O {½-½ (10) Vertetics,A (2387)-Fusthy,Z (2325) Hungary 2012}) 7. O-O d5 8. Ne5 Nfd7 9. Nxd7 ({RR} 9. f4 Nb6 10. Nc3 Nc6 11. b3 f6 12. Nf3 Bg4 13. Ba3 Qd7 14. Bc5 Rfd8 15. Qd3 Bxf3 16. Bxf3 e6 17. Rad1 f5 18. Bxb6 axb6 19. e3 Rdc8 20. Rc1 Bf8 21. Na4 Qd8 22. Be2 Ba3 23. Rc3 Bb4 {Esipenko,A (2682)-Sindarov,J (2646) Dubai UAE 2023 ½-½ (38)}) 9... Qxd7 ({RR} 9... Bxd7 10. Nc3 Nc6 11. e3 e6 12. Bd2 Qe7 13. Qe2 Rfc8 14. Rfc1 Qd8 15. Qd1 Qe7 16. Qe2 Qd8 17. Qd1 Qe7 18. Qe2 Qd8 {½-½ (18) Ghazarian,K (2511)-Mishra,A (2611) Saint Louis USA 2025}) 10. Nc3 Nc6 11. Nxd5 $146 e6 12. Nc3 Nxd4 13. Be3 e5 14. Rc1 Rb8 15. Nd5 Qb5 16. Bxd4 exd4 17. Qd2 Be6 18. Nc7 Qd7 19. Nxe6 Qxe6 20. b4 Rfe8 21. Bf3 b6 22. Rc6 Qe5 23. Rfc1 Re7 24. a4 h5 25. h4 Qf5 26. Rd6 Rc8 27. Rxc8+ Qxc8 28. Rc6 Rc7 29. b5 Be5 30. Qg5 Rxc6 31. bxc6 Qc7 32. Bxh5 Qxc6 33. Qxe5 gxh5 34. Qxd4 a6 35. Qd8+ Kg7 36. Qg5+ Kf8 37. Qxh5 Qxa4 38. Qh8+ Ke7 39. Qe5+ Kf8 40. h5 Kg8 41. Qg5+ Kh7 42. Qf5+ Kg7 43. h6+ Kxh6 44. Qf6+ Kh7 45. Qxf7+ Kh8 46. Qf6+ Kg8 47. Qg6+ Kf8 48. e4 Qa1+ 49. Kg2 a5 50. Qd6+ Ke8 51. e5 Qb1 52. e6 Qe4+ 53. f3 Qc2+ 54. Kh3 Qf5+ 55. Kh4 Qf6+ 56. Kg4 Qe7 57. Qxb6 Qb4+ 0-1

[Event "Douglas IoM op"]
[Site "Douglas"]
[Date "2017.09.29"]
[Round "7"]
[White "Carlsen, Magnus"]
[Black "Vidit, Santosh Gujrathi"]
[Result "1/2-1/2"]
[WhiteElo "2827"]
[BlackElo "2702"]
[PlyCount "61"]
[EventDate "2017.09.23"]
[EventType "swiss"]
[EventRounds "9"]
[EventCountry "IOM"]
[SourceTitle "CBM 181"]
[Source "ChessBase"]
[SourceDate "2017.11.10"]
[SourceVersion "1"]
[SourceVersionDate "2017.11.10"]
[SourceQuality "1"]

1. Nf3 d5 2. g3 g6 3. Bg2 Bg7 4. O-O e5 5. d3 Ne7 6. e4 O-O 7. exd5 Nxd5 8. Re1 Nc6 9. Nc3 Nde7 10. Rb1 a5 11. b3 Re8 12. Bb2 Nf5 13. Nb5 a4 14. c4 $146 ({RR} 14. bxa4 Rxa4 15. a3 Ra8 16. c4 Nd6 17. Qb3 Bf5 18. Rbd1 Qd7 19. a4 Rad8 20. c5 Be6 21. Qa3 Nc4 22. dxc4 Qxd1 23. Nxc7 e4 24. Nxe8 exf3 25. Bc3 Rd3 26. Rxd1 Rxd1+ 27. Bf1 Bxc3 28. Qb3 Rxf1+ {Puranik,A (2597)-Sjugirov,S (2674) Moscow 2020 0-1}) ({RR} 14. bxa4 Rxa4 15. a3 Ra8 16. c4 Nd6 17. Qb3 Bf5 18. Rbd1 Qd7 19. a4 Rad8 20. c5 Be6 21. Qa3 Nc4 22. dxc4 Qxd1 23. Nxc7 e4 24. Nxe8 exf3 25. Bc3 Rd3 26. Rxd1 Rxd1+ 27. Bf1 Bxc3 28. Qb3 Rxf1+ {Puranik,A (2597)-Sjugirov,S (2674) Moscow 2020 0-1}) 14... axb3 15. axb3 Nd6 16. Ra1 Rxa1 17. Bxa1 Nxb5 18. cxb5 Nd4 19. Bxd4 exd4 20. Rxe8+ Qxe8 21. Qc1 Bd7 22. Qxc7 Bxb5 23. Bf1 Bc6 24. Qf4 Bxf3 25. Qxf3 Qc6 26. Qd1 b6 27. Bg2 Qe6 28. Bb7 Bf8 29. Qf3 Kg7 30. Qf4 Qf6 31. Qxf6+ 1/2-1/2

[Event "Norway Chess 10th"]
[Site "Stavanger"]
[Date "2022.05.31"]
[Round "1"]
[White "Carlsen, Magnus"]
[Black "Wang, Hao"]
[Result "1/2-1/2"]
[WhiteElo "2864"]
[BlackElo "2744"]
[PlyCount "93"]
[EventDate "2022.05.31"]
[EventType "tourn"]
[EventRounds "9"]
[EventCountry "NOR"]
[EventCategory "21"]
[SourceTitle "CBM 209"]
[Source "ChessBase"]
[SourceDate "2022.08.31"]
[SourceVersion "1"]
[SourceVersionDate "2022.08.31"]
[SourceQuality "1"]

1. Nf3 d5 2. g3 Nd7 3. d4 Nb6 4. b3 Bf5 5. Nh4 e6 6. Nxf5 exf5 7. Qd3 g6 8. Bg2 Nf6 9. O-O Be7 10. c4 c6 11. Bh6 $146 ({RR} 11. Nd2 O-O 12. Bb2 a5 13. cxd5 Nfxd5 14. a3 Bf6 15. e3 Bg7 16. Rfd1 Re8 17. Rac1 h5 18. Nc4 h4 19. Ne5 hxg3 20. hxg3 Qe7 21. Qe2 Qe6 22. Nd3 Nd7 23. Re1 N5f6 24. b4 axb4 25. axb4 Ne4 {Bacrot,E (2646)-Singer,C (2309) Austria AUT 2023 1-0 (42)}) 11... Bf8 12. Bg5 Be7 13. a4 a5 14. Nc3 O-O 15. Bxf6 Bxf6 16. cxd5 Nxd5 17. Nxd5 cxd5 18. e3 Qd7 19. Qb5 Rfd8 20. Rfc1 Be7 21. Rc2 Kg7 22. Qb6 Qe6 23. Qb5 Qd7 24. Qf1 Ra6 25. Bf3 Rb6 26. Qd3 Qe6 27. Kg2 h5 28. h4 Bb4 29. Kg1 Be7 30. Rb1 Bb4 31. Qf1 Rc6 32. Rxc6 bxc6 33. Rc1 Rd6 34. Kg2 Qe7 35. Qa6 c5 36. Qd3 cxd4 37. Qxd4+ Qf6 38. Rc7 Qxd4 39. exd4 Kf6 40. Rb7 Ke6 41. Rb5 Rd8 42. Kf1 Rd6 43. Ke2 Rd8 44. Rb7 Bc3 45. Kd3 Be1 46. Ke3 Bb4 47. Rb5 1/2-1/2

[Event "Biel GM"]
[Site "Biel"]
[Date "2005.07.23"]
[Round "6"]
[White "Carlsen, Magnus"]
[Black "Nakamura, Hikaru"]
[Result "1/2-1/2"]
[WhiteElo "2528"]
[BlackElo "2660"]
[PlyCount "60"]
[EventDate "2005.07.17"]
[EventType "tourn"]
[EventRounds "10"]
[EventCountry "SUI"]
[EventCategory "16"]
[SourceTitle "CBM 108"]
[Source "ChessBase"]
[SourceDate "2005.09.26"]
[SourceVersion "1"]
[SourceVersionDate "2005.09.26"]
[SourceQuality "1"]

1. Nf3 d5 2. d4 Nf6 3. c4 c6 4. Nc3 dxc4 5. a4 Bf5 6. Ne5 Nbd7 7. Nxc4 Nb6 8. Ne5 a5 9. Bg5 h6 10. Bh4 Bh7 ({RR} 10... e6 11. e4 Bh7 12. f3 Be7 13. Bf2 Nfd7 14. Nd3 O-O 15. Be2 Rc8 16. O-O c5 17. dxc5 Nxc5 18. Nxc5 Bxc5 19. Bxc5 Rxc5 20. Qxd8 Rxd8 {½-½ (20) Gelfand,B (2724)-Nakamura,H (2660) Biel 2005}) ({RR} 10... e6 11. e4 Bh7 12. f3 Bb4 13. Be2 Qd6 14. O-O O-O 15. Bf2 Rad8 16. Qc2 c5 17. Nb5 Qb8 18. Nd3 cxd4 19. Nxb4 axb4 20. Bxd4 Nbd7 21. Rfd1 Nd5 22. Qb3 Nf4 23. Bf1 f5 24. exf5 Rxf5 25. Bf2 {Gulatz,M (2213)-Gunina,V (2471) Chess.com INT 2022 0-1 (34)}) 11. f3 Nfd7 12. Nxd7 $146 ({RR} 12. Qb3 Nxe5 13. dxe5 Qc7 14. e4 e6 15. Nb5 cxb5 16. Bxb5+ Nd7 17. Rd1 Bb4+ 18. Ke2 O-O 19. Rxd7 Qxe5 20. Bg3 Qg5 21. Qe3 Qf6 22. Qd4 Qg5 23. Qe5 Qg6 24. Rc1 Rad8 25. Rcc7 Rxd7 26. Bxd7 Kh8 {Torres,J (2277)-Wilson,E (2277) ICC INT 2005 0-1 (43)}) 12... Nxd7 13. Qb3 Qc7 14. e3 e6 15. Be2 Bd6 16. Bf2 O-O 17. Rc1 e5 18. e4 exd4 19. Nb5 Qb8 20. Nxd6 Qxd6 21. Bg3 Qb4+ 22. Qxb4 axb4 23. Kf2 f5 24. exf5 Bxf5 25. Rhd1 c5 26. Bd6 Rfc8 27. Bc4+ Kh7 28. g4 Bg6 29. Bb5 Be8 30. Bxd7 Bxd7 1/2-1/2

[Event "Olympiad-44"]
[Site "Chennai"]
[Date "2022.08.01"]
[Round "4.1"]
[White "Carlsen, Magnus"]
[Black "Batsuren, Dambasuren"]
[Result "1-0"]
[WhiteElo "2864"]
[BlackElo "2518"]
[PlyCount "59"]
[EventDate "2022.07.29"]
[EventType "team-swiss"]
[EventRounds "11"]
[EventCountry "IND"]
[SourceTitle "EXT 2023"]
[Source "ChessBase"]
[SourceDate "2022.10.05"]
[SourceVersion "1"]
[SourceVersionDate "2022.10.05"]
[SourceQuality "1"]
[WhiteTeam "Norway"]
[BlackTeam "Mongolia"]
[WhiteTeamCountry "NOR"]
[BlackTeamCountry "MGL"]

1. Nf3 Nf6 2. c4 e6 3. d4 d5 4. Nc3 Bb4 5. Bg5 h6 6. Bh4 O-O 7. e3 Nbd7 8. cxd5 exd5 9. Bd3 c6 10. O-O Bd6 11. Qc2 Re8 12. Rfe1 Be7 13. Bg3 Nf8 14. h3 b6 15. e4 dxe4 16. Nxe4 Bb7 17. Ne5 Ne6 $146 ({RR} 17... Rc8 18. Nxf6+ Bxf6 19. Nxf7 Kxf7 20. Bc4+ Ne6 21. Rxe6 Rxe6 22. Re1 Qd5 23. Rxe6 Qxe6 24. Bxe6+ Kxe6 25. Qc4+ Ke7 26. Be5 c5 27. Bxf6+ Kxf6 28. dxc5 Rxc5 29. Qd4+ Kg6 30. Qd7 Bd5 31. Qxa7 {1-0 (31) Thorsteins,K (2493)-Kristjansson,O (2245) Reykjavik 1999}) 18. Nxf6+ Bxf6 19. Bh7+ Kf8 20. Rad1 Bxe5 21. dxe5 Qe7 22. f4 c5 23. f5 Nd4 24. Qf2 Qd7 25. e6 Qc6 26. Be5 Rad8 27. Qg3 Ne2+ 28. Rxe2 Rxd1+ 29. Kh2 Ke7 30. Bf6+ 1-0

[Event "Moscow Aeroflot op-A"]
[Site "Moscow"]
[Date "2004.02.19"]
[Round "3"]
[White "Carlsen, Magnus"]
[Black "Dolmatov, Sergey"]
[Result "1-0"]
[WhiteElo "2484"]
[BlackElo "2591"]
[PlyCount "37"]
[EventDate "2004.02.17"]
[EventType "swiss"]
[EventRounds "9"]
[EventCountry "RUS"]
[SourceTitle "CBM 100"]
[Source "ChessBase"]
[SourceDate "2004.06.01"]
[SourceVersion "1"]
[SourceVersionDate "2004.06.01"]
[SourceQuality "1"]

1. Nf3 f5 2. d3 d6 3. e4 e5 4. Nc3 Nc6 5. exf5 Bxf5 6. d4 Nxd4 7. Nxd4 exd4 8. Qxd4 Nf6 9. Bc4 c6 10. Bg5 b5 11. Bb3 Be7 $146 ({RR} 11... h6 12. Bh4 Qe7+ 13. Kd2 O-O-O 14. Rae1 Qd7 15. Bxf6 gxf6 16. Qxf6 d5 17. Re5 Be4 {½-½ (17) De Verdier,M (2345)-Kalinins,V (2204) Bunratty 2014}) 12. O-O-O Qd7 13. Rhe1 Kd8 14. Rxe7 Qxe7 15. Qf4 Bd7 16. Ne4 d5 17. Nxf6 h6 18. Bh4 g5 19. Qd4 1-0

[Event "Legends of Chess Final"]
[Site "chess24.com INT"]
[Date "2020.08.03"]
[Round "2.16"]
[White "Carlsen, Magnus"]
[Black "Nepomniachtchi, Ian"]
[Result "1-0"]
[WhiteElo "2863"]
[BlackElo "2784"]
[PlyCount "183"]
[EventDate "2020.07.31"]
[EventType "k.o."]
[EventRounds "2"]
[EventCountry "GER"]
[SourceTitle "CBM 197"]
[Source "ChessBase"]
[SourceDate "2020.07.27"]
[SourceVersion "1"]
[SourceVersionDate "2020.07.27"]
[SourceQuality "1"]

1. Nf3 {Finkel,Alexander} d6 2. d4 g6 3. e4 Bg7 4. Nc3 a6 5. Be3 b5 6. Bd3 Bb7 7. a4 ({RR} 7. Qd2 Nd7 8. a4 ({RR} 8. Ne2 c5 9. c3 h5 10. O-O e5 11. Ng5 Nh6 12. h3 Qe7 13. f4) 8... b4 9. Ne2 a5 ({RR} 9... Rb8 10. O-O Ngf6 11. Bh6 O-O 12. Bxg7 Kxg7 13. Ng3 e5) 10. c3 c5 11. Ng3 bxc3 12. bxc3 cxd4 13. cxd4 Ngf6 14. Bh6 O-O 15. O-O e6 16. Bxg7 Kxg7 17. Rfc1) ({RR} 7. e5 Nd7 8. e6 fxe6 9. Ng5 Nf8 10. O-O Nf6 11. a4 b4 12. Ne2 Nd5 13. c4 bxc3 14. bxc3 Bf6) 7... b4 ({RR} 7... c6 8. Qd2 ({RR} 8. e5 d5 9. h4 e6 10. h5 Nd7 11. Qd2) 8... Nd7 9. O-O Nb6 10. Rfe1 Nf6 11. a5 Nc8 12. e5 dxe5 13. dxe5 Nd5 14. Bh6) 8. Ne2 Nf6 9. Ng3 a5 ({RR} 9... h5 10. e5 dxe5 11. dxe5 Ng4 ({RR} 11... Nd5) 12. e6 f5 13. Nh4 Ne5 14. Bf4 ({RR} 14. Be2 Bf6 ({RR} 14... Nbc6 15. f4 Ng4 16. Bxg4 hxg4 17. Nxg6 Rg8 18. Nxf5 Bxb2 19. Qxg4 Bxa1 20. Qh5) 15. Qxd8+ Kxd8 16. O-O-O+ Kc8 17. Bf4 Nbc6) 14... Qd5 15. O-O Nbc6 16. Be4 Qxe6 ({RR} 16... Qxd1 17. Bxc6+ Nxc6 18. Raxd1 Bf6 19. Nf3 ({RR} 19. Nxg6 Rg8) 19... h4 20. Ne2 Nd8) 17. Bd5 Qd6 18. Nhxf5 gxf5 19. Nxf5 Qf6 20. Nxg7+ Qxg7 21. Bxe5 Qxe5 22. Re1 ({RR} 22. Qf3 Qf6) 22... Qg7 23. Bf3 Rd8 24. Bxh5+ {Shirov,A (2715)-Azmaiparashvili,Z (2676) Dubai 2002 CBM 089 [Finkel,Alexander] 0-1 (41)}) ({RR} 9... O-O 10. Qd2 a5 11. Bh6 Nbd7 12. h4 e5 13. Bxg7 Kxg7 14. h5) ({RR} 9... Nbd7 10. a5 e5 11. dxe5 dxe5 12. O-O O-O 13. Qd2 Qe7 14. Rfd1 Rfd8 15. h3 Nf8 16. Qe1 h6 17. c3 b3 18. Ra3 c5 19. Qf1 Rac8 20. Nd2 Ne6 21. Rxb3 Nf4 22. Bxa6 Bxa6 23. Qxa6 Ra8 24. Qb5 {Murzin,V (2658)-Ilinca,F (2397) San Vicente ESP 2025 1-0 (52)}) 10. c3 $146 ({RR} 10. Qd2 h6 11. h3 e6 12. c3 bxc3 13. bxc3 Nbd7 14. O-O Nb6 15. c4 Ba6 16. Rfc1 c5 17. dxc5 dxc5 18. Bxc5 Nfd7 19. Bxb6 Nxb6 20. Ra2 O-O 21. Bf1 Qxd2 22. Nxd2 Rfc8 23. c5 Nd7 24. Rac2 Bxf1 {Akin,K (1861)-Aytekin,M (2080) Konya 2018 1-0 (49)}) 10... Na6 11. O-O O-O 12. h3 c5 13. Qe2 bxc3 14. bxc3 cxd4 15. cxd4 Nb4 16. Rfc1 Rc8 17. Bd2 Rxc1+ 18. Rxc1 Qa8 19. Bb1 Bc6 20. Bxb4 axb4 21. Qc4 Bxa4 22. Qxb4 Bc6 23. Qb6 Rc8 24. Bd3 Bd7 25. Rxc8+ Qxc8 26. Qb2 h5 27. Qd2 Qa8 28. e5 dxe5 29. dxe5 Nd5 30. Be4 Bc6 31. e6 f5 32. Bxd5 Bxd5 33. Nh4 Kh7 34. Ngxf5 gxf5 35. Qg5 Qa1+ 36. Kh2 Qe5+ 37. f4 Qxe6 38. Qxh5+ Kg8 39. Nxf5 Bf8 40. Qg5+ Kf7 41. Qh5+ Qg6 42. Nh6+ Bxh6 43. Qxd5+ e6 44. Qb7+ Kg8 45. Qc8+ Kh7 46. Qb7+ Bg7 47. Qf3 Qf6 48. Qe4+ Kg8 49. Qa8+ Bf8 50. Qe4 Kg7 51. g3 Qb2+ 52. Qg2 Qb3 53. Qe2 Bd6 54. h4 Kf6 55. Qd2 Qd5 56. Qb2+ Kf7 57. Qe2 Qd4 58. Kh3 Qc5 59. Qe4 Qh5 60. Qb7+ Be7 61. Qe4 Qd5 62. Qh7+ Ke8 63. h5 Qh1+ 64. Kg4 Qd1+ 65. Kh3 Qh1+ 66. Kg4 Qd1+ 67. Kh3 Qd5 68. Qg6+ Kd7 69. h6 Qh1+ 70. Kg4 Qd1+ 71. Kh3 Qd4 72. h7 Bf6 73. Qf7+ Kd6 74. Qf8+ Kd5 75. Qg8 Qa1 76. Qf7 Qh1+ 77. Kg4 Qd1+ 78. Kh3 Qf1+ 79. Kg4 Qe2+ 80. Kh3 Qb2 81. Qd7+ Ke4 82. Qxe6+ Kf3 83. Qd5+ Ke3 84. Kg4 Bh8 85. Qf3+ Kd4 86. Qd1+ Kc5 87. Qd7 Qf6 88. Qf5+ Kd6 89. Qxf6+ Bxf6 90. Kf5 Ke7 91. Kg6 Bh8 92. g4 1-0

[Event "EU-Cup 37th"]
[Site "Mayrhofen"]
[Date "2022.10.08"]
[Round "6.1"]
[White "Carlsen, Magnus"]
[Black "Baldauf, Marco"]
[Result "1-0"]
[WhiteElo "2856"]
[BlackElo "2506"]
[PlyCount "87"]
[EventDate "2022.10.03"]
[EventType "team-swiss"]
[EventRounds "7"]
[EventCountry "AUT"]
[SourceTitle "EXT 2023"]
[Source "ChessBase"]
[SourceDate "2022.10.05"]
[SourceVersion "1"]
[SourceVersionDate "2022.10.05"]
[SourceQuality "1"]
[WhiteTeam "Offerspill"]
[BlackTeam "Schach ohne Grenzen"]
[WhiteTeamCountry "NOR"]
[BlackTeamCountry "GER"]

1. Nf3 Nf6 2. d4 g6 3. Nbd2 d5 4. b3 Bg7 5. Bb2 O-O 6. e3 c5 7. dxc5 Qa5 8. a3 Qxc5 9. c4 dxc4 10. Bxc4 Nc6 11. O-O Qb6 12. b4 Bg4 $146 ({RR} 12... Bf5 13. Rc1 Rad8 14. Qb3 h6 15. Nd4 Ne4 16. Nxe4 Bxe4 17. Nxc6 Bxc6 18. Bxg7 Kxg7 19. a4 Be4 20. a5 Qf6 21. f3 Bf5 22. e4 Bc8 23. Qe3 Rd4 24. e5 Qf4 25. Qxf4 Rxf4 26. g3 Rd4 27. Rfd1 {Caruana,F (2792)-Abdusattorov,N (2651) Chess.com INT 2022 ½-½ (53)}) 13. h3 Bxf3 14. Nxf3 Ne4 15. Bxg7 Kxg7 16. Qc2 Nd6 17. Be2 Rac8 18. Qb2+ Kg8 19. Rac1 Rfd8 20. h4 a5 21. b5 Nb8 22. Ne5 Rxc1 23. Rxc1 Nd7 24. h5 gxh5 25. Bxh5 Nf6 26. Be2 Rc8 27. Rxc8+ Nxc8 28. Nc4 Qc7 29. Qd2 b6 30. Qd4 Kg7 31. a4 Qd7 32. Qe5 h6 33. e4 Qd8 34. Qg3+ Kf8 35. e5 Ng8 36. e6 fxe6 37. Qf4+ Kg7 38. Qg4+ Kf8 39. Qxe6 Nf6 40. Bh5 Nxh5 41. Qxh6+ Kg8 42. Qxh5 Nd6 43. Qd5+ Kf8 44. Qd4 1-0

[Event "Norway Chess 2024"]
[Site "Stavanger, Norway"]
[Date "2024.06.07"]
[Round "20.1"]
[White "Carlsen, Magnus"]
[Black "Caruana, Fabiano"]
[Result "1-0"]
[WhiteElo "2830"]
[BlackElo "2805"]
[Annotator "Stockfish 16.1 - Chessbase"]
[PlyCount "103"]
[EventDate "2024.??.??"]

1. Nf3 Nf6 2. c4 b6 3. Nc3 Bb7 4. d4 e6 5. a3 Ne4 6. Nxe4 Bxe4 7. e3 Be7 8. Bd3 Bxd3 9. Qxd3 O-O 10. O-O d6 11. b4 Nd7 12. Rd1 ({RR} 12. Bb2 Qc8 13. e4 a5 14. b5 Qb7 15. Rfe1 Rad8 16. h4 e5 17. Rad1 exd4 18. Nxd4 Bf6 19. g3 Rfe8 20. Qc2 Bxd4 21. Rxd4 Re7 22. Rd5 Rde8 23. f3 Qc8 24. Kg2 Ne5 25. Bxe5 {½-½ (25) Van Wely,L (2697)-Ivanchuk,V (2717) Monte Carlo 2002}) 12... a5 13. Bb2 axb4 $146 ({RR} 13... Bf6 14. Bc3 axb4 15. axb4 Qe7 16. e4 e5 17. d5 Rfb8 18. Rxa8 Rxa8 19. Ra1 Qd8 20. Qd1 Be7 21. Rxa8 Qxa8 22. Qa1 Qxa1+ 23. Bxa1 Kf8 24. Kf1 Nf6 25. Nd2 Nh5 {½-½ (25) Peyre,C (1850)-Le Du,M (1935) Fouesnant 2008}) 14. axb4 Qb8 15. Qe4 d5 16. cxd5 Nf6 17. Qc2 exd5 18. Ne5 Bd6 19. b5 Qe8 20. Rxa8 Qxa8 21. Ra1 Qe8 22. Qc6 Qe7 23. Ra7 h5 24. h3 Rd8 25. Qc1 Qe6 26. Nc6 Re8 27. Ba3 Ne4 28. Bxd6 Qxd6 29. Ne5 Rc8 30. f3 Ng3 31. Qa1 f6 32. Nd3 h4 33. Kf2 Kh7 34. Qb1 Re8 35. Qc2 Re7 36. Ne5+ Ne4+ 37. fxe4 fxe5 38. exd5+ e4 39. Kg1 Qxd5 40. Rxc7 Rxc7 41. Qxc7 Qxb5 42. Qf4 Qb1+ 43. Kh2 b5 44. Qxh4+ Kg6 45. d5 Qd3 46. Qg4+ Kh7 47. Qf5+ g6 48. Qf7+ Kh6 49. Qf8+ Kh7 50. d6 b4 51. Qe7+ Kh6 52. d7 1-0